Ensayo de diagnóstico económico de la provincia de León / (Record no. 59415)

MARC details
000 -LEADER
campo de control de longitud fija 00723nam a2200181 i 4500
001 - NÚMERO DE CONTROL
campo de control 59415
003 - IDENTIFICADOR DE NÚMERO DE CONTROL
campo de control ES-MaACL
005 - FECHA Y HORA DE LA ÚLTIMA TRANSACCIÓN
campo de control 20230906164028.0
007 - CAMPO FIJO DE DESCRIPCIÓN FÍSICA--INFORMACIÓN GENERAL
campo de control de longitud fija t|
008 - DATOS DE LONGITUD FIJA--INFORMACIÓN GENERAL
campo de control de longitud fija 031029s1967 sp ||||1| spa d
245 00 - MENCIÓN DEL TÍTULO
Título Ensayo de diagnóstico económico de la provincia de León /
Mención de responsabilidad, etc. formulado por la "Societé d'Etudes pour le Dévelppement Economique et Social".
260 ## - PUBLICACIÓN, DISTRIBUCIÓN, ETC.
Lugar de publicación, distribución, etc. [S.l. :
Nombre del editor, distribuidor, etc. s.n.,
Fecha de publicación, distribución, etc. 1967] (
Lugar de fabricación/manufactura León :
Fabricante Imp. Provincial)
300 ## - DESCRIPCIÓN FÍSICA
Extensión III, 214 p. ;
Dimensiones 25 cm.
500 ## - NOTA GENERAL
Nota general Precede al tít.: Diputación Provincial de León.
710 2# - ENTRADA AGREGADA--NOMBRE DE ENTIDAD CORPORATIVA
Nombre de entidad corporativa o nombre de jurisdicción como elemento de entrada Societé d'Etudes pour le Développement Economique et Social.
9 (RLIN) 6837
710 2# - ENTRADA AGREGADA--NOMBRE DE ENTIDAD CORPORATIVA
Nombre de entidad corporativa o nombre de jurisdicción como elemento de entrada León (Provincia).
Unidad subordinada Diputación Provincial.
9 (RLIN) 5494
852 ## - LOCALIZACIÓN
Ubicación ES-MaACL
Número de control de estantería C-32983
Sublocalización o colección R.63581
Holdings
Estatus retirado Estado de pérdida Estado de daño No para préstamo Biblioteca de origen Biblioteca actual Ubicación en estantería Fecha de adquisición Fuente de adquisición Total de préstamos Signatura topográfica completa Código de barras Visto por última vez Precio de reemplazo Tipo de ítem Koha
        Biblioteca del Ateneo de Madrid Biblioteca del Ateneo de Madrid Depósito 2 17/01/2008     C-32983 1062319 23/02/2023 23/02/2023 Libro impreso